书目信息 |
| 书名: | 应用语言学的原理与实践 | |
| 作者: | ( )[G.库克]Guy Cook,( )[B.塞得豪佛]Barbara Seidlhofer著. | |
| 分册号: | [专著] / | |
| 分册名: | 出版地: | 上海 : |
|
| 出版社: | 上海外语教育出版社 | |
| 出版时间: | 1999. | |
| 页数: | 431页 : | |
| 开本: | 21cm. | |
| 丛书名: | 牛津应用语言学丛书 | |
| 中图分类号: | ||
| 科图分类号: | ||
| 其他分类号: | H0:H31 | |
| 主题词: | ||
| 电子资源: | ||
| 000 | 00955nam 2200301 a 4500 | |
| 001 | 0199052187 | |
| 005 | 20070307093715.65 | |
| 008 | 990812d1999 ch a 0 chi0 | |
| 020 | @a7-81046-587-2 :@cCNY28.00. | |
| 040 | @aNLC@bchi | |
| 041 | @aeng | |
| 090 | @aH08 @v3 | |
| 090 | @aH0:H31 | |
| 099 | @dH0:H31@ex25 | |
| 100 | 1 | @a库克 @cG. @4著 |
| 245 | 10 | @a应用语言学的原理与实践 :@bPrinciples & practice in applied linguistics@h[专著] / @c( )[G.库克]Guy Cook,( )[B.塞得豪佛]Barbara Seidlhofer著. |
| 246 | 1 | @aPrinciples & practice in applied linguistics |
| 250 | @a影印本. | |
| 260 | 1 | @a上海 :@b上海外语教育出版社,@c1999. |
| 300 | @a431页 :@b照片 ;@c21cm. | |
| 440 | @a牛津应用语言学丛书 | |
| 440 | 0 | @a牛津应用语言学丛书 |
| 500 | @a牛津大学出版社授权出版 | |
| 650 | 04 | @a应用语言学 @2CT |
| 650 | 04 | @a应用语言学 @2CT@x英文 |
| 700 | 1 | @aSeidlhofer @cBarbara @4著 |
| 700 | 1 | @aCook @cGuy @4著 |
| 700 | 1 | @a塞得豪佛 @cB. @4著 |
| 应用语言学的原理与实践 : : Principles & practice in applied linguistics [[专著] / ] / ( )[G.库克]Guy Cook,( )[B.塞得豪佛]Barbara Seidlhofer著.-影印本.-上海 : : 上海外语教育出版社, , 1999. |
| 431页 : : 照片 ; ; 21cm.- (牛津应用语言学丛书 ).- (牛津应用语言学丛书 ) |
| 牛津大学出版社授权出版 |
| ISBN 7-81046-587-2 :CNY28.00. |
| ● |
| 相关链接 |
|
|
|
|
正题名:应用语言学的原理与实践
索取号:H0:H31/x25
 
预约/预借
| 序号 | 登录号 | 条形码 | 馆藏地/架位号 | 状态 | 备注 |
| 1 | 000622 | 300006222 | 第二样本阅览室/ [索取号:H0:H31/x25] | 在馆 | |
| 2 | 000623 | 300006231 | 第四借阅区/ [索取号:H0:H31/x25] | 在馆 | |
| 3 | 000624 | 300006240 | 第四借阅区/ [索取号:H0:H31/x25] | 在馆 | |
| 4 | 000625 | 300006259 | 第四借阅区/ [索取号:H0:H31/x25] | 在馆 | |
| 5 | 000626 | 300006268 | 第四借阅区/ [索取号:H0:H31/x25] | 在馆 |